[Event "5th GRENKE Chess Classic 2018"]
[Site "Baden-Baden"]
[Date "2018.04.06"]
[Round "6"]
[White "Meier, Georg"]
[Black "Naiditsch, Arkadij"]
[Result "0-1"]
[WhiteElo "2636"]
[BlackElo "2701"]
[Annotator "TA"]
[PlyCount "66"]
[EventDate "2018.??.??"]
[EventType "tourn"]
[EventCountry "GER"]
[SourceTitle "playchess.com"]
[Source "ChessBase"]
[SourceQuality "1"]

{[%evp 25,66,0,0,0,0,0,0,0,0,0,0,-2,-8,-13,-11,-72,0,0,-6,-1,-1,-12,-24,-30,6,-54,24,-18,-17,-13,-32,-27,22,-48,0,0,0,0,0,8,13,-1044,-1028]} 1. d4 Nf6 2. c4 e6 3. Nf3 d5 4. g3 Bb4+ 5. Bd2 Be7 6. Bg2 O-O 7. O-O c6 8. Qc2 b6 9. Rd1 Bb7 10. b3 Nbd7 11. Nc3 Rc8 12. Bf4 c5 13. Nb5 {E08: Closed Catalan: Main Line: 7 Qc2} (13. dxc5 Nxc5 14. Ne5 Qe8 15. cxd5 exd5 16. Nxd5 Nxd5 17. Bxd5 Bf6 18. Qf5 Bxd5 19. Rxd5 Qe6 20. e4 g6 21. Qxe6 fxe6 {0-1 (42) Oliva Castaneda,K (2497)-Salgado Lopez,I (2627) Linares 2017}) 13... cxd4 {LiveBook: 4 Games} 14. Nd6 Bxd6 15. Bxd6 {The position is equal.} Re8 {...Ne4 is the strong threat.} 16. Nxd4 Nc5 17. Bxc5 Rxc5 18. Qb2 $146 ({Find the theoretical novelty and annotate with similar games:} 18. Qd2 Qa8 19. cxd5 Bxd5 20. f3 Bb7 {0-1 (30) Krishna,C (2326)-Barua,D (2429) Kolkata 2012}) 18... e5 19. Nb5 {[%cal Bd4b5,Bb5a3,Ba3c2][%mdl 32]} Qb8 20. e3 {[#]} (20. Rac1 $11) 20... h5 ({Worse is} 20... dxc4 21. Bxb7 c3 22. Qc2 $16) (20... a6 $1 $17 {[%cal Ra6b5]} 21. Na3 dxc4 22. Nxc4 Bxg2 23. Kxg2 Qc7) 21. Qe2 $11 a6 22. Na3 d4 23. Nc2 Bxg2 24. Kxg2 Ne4 25. Qf1 (25. Qd3 $11 Ng5 26. exd4 exd4 27. Nxd4) 25... h4 (25... Rc6 $1 $15 26. f3 (26. exd4 Rf6 $17) 26... Rf6 27. exd4 Ng5) 26. f3 Nc3 27. Rd2 hxg3 28. hxg3 Re6 {[#] White must now prevent ...Rh6.} 29. Qf2 ({Better is} 29. b4 $11 Rc8 30. exd4) 29... Rf6 (29... e4 $15 30. Rxd4 exf3+ 31. Qxf3 Rg5) 30. exd4 Ne4 $1 $36 {[%cal Re4f2][%mdl 2048] Black is pushing.} 31. Qe3 Nxd2 32. dxc5 Nxf3 33. cxb6 $2 {[%mdl 8192]} (33. Nb4 $11 Nd4 34. Nd5) 33... Qb7 {Precision: White = 27%, Black = 53%.} 0-1

[Event "5th GRENKE Chess Classic 2018"]
[Site "Baden-Baden"]
[Date "2018.04.06"]
[Round "6"]
[White "Bluebaum, Matthias"]
[Black "Anand, Viswanathan"]
[Result "1-0"]
[WhiteElo "2616"]
[BlackElo "2776"]
[Annotator "TA"]
[PlyCount "89"]
[EventDate "2018.??.??"]
[EventType "tourn"]
[EventCountry "GER"]
[SourceTitle "playchess.com"]
[Source "ChessBase"]
[SourceQuality "1"]

{[%evp 17,89,27,42,21,26,26,19,19,19,19,19,15,22,16,18,15,30,7,20,18,27,20,103,98,97,116,105,106,98,108,103,96,118,118,89,78,78,81,78,88,98,93,171,177,163,119,240,235,225,158,233,215,215,215,215,200,336,294,336,329,329,299,299,0,310,299,406,415,703,703,703,696,870,849]} 1. d4 d5 2. c4 e6 3. Nf3 dxc4 4. e3 b5 5. a4 b4 6. Bxc4 {D21: Queen's Gambit Accepted: 3 Nf3 sidelines} Nf6 7. a5 (7. O-O Be7 8. Qe2 O-O 9. b3 Bb7 10. Bb2 Nbd7 11. Nbd2 c5 12. Rac1 Rc8 {½-½ (27) Bu,X (2730)-Inarkiev,E (2689) Riadh 2017}) 7... a6 8. Nbd2 Bb7 9. O-O c5 {LiveBook: 4 Games} 10. Nb3 Nbd7 11. dxc5 $146 ({Find the theoretical novelty and annotate with similar games:} 11. Qe2 Bd6 12. Rd1 {0-1 (38) Alfaro,W (2181)-Quesada Perez,Y (2541) Managua 2017}) 11... Nxc5 12. Nxc5 Bxc5 13. Qa4+ Qd7 14. Qxd7+ Nxd7 15. Bd2 Ke7 16. Rac1 Rhc8 17. Nd4 Ne5 18. Be2 {Threatens to win with Rxc5!} Bd6 19. Rfd1 Bd5 (19... Nc6 $11) 20. Rxc8 $16 Rxc8 21. Bxa6 Ra8 22. Bf1 Rxa5 23. Nb5 $1 {[%cal Rb5d6]} Bc5 24. Rc1 Ra2 25. Rxc5 Rxb2 26. e4 Rxd2 27. exd5 exd5 28. Rc1 b3 29. Rb1 b2 {[#]} (29... Nc4 $16) 30. Nc3 $1 $18 Nc4 {[#] Strongly threatening ...Na3.} 31. Nxd5+ $1 {[%mdl 512]} Rxd5 (31... Kd6 $16 32. Bxc4 Rc2 33. Rxb2 Rxb2) 32. Bxc4 {[%mdl 4096] Endgame KRB-KR} Rc5 33. Re1+ Kf6 (33... Kd6 $16 {might work better.} 34. Ba2 (34. Rd1+ Ke5 $17) 34... Ra5 35. Rd1+ Kc5 36. Rd5+ Kb6 37. Rxa5 Kxa5) 34. Bd3 Rd5 35. Bb1 ({Don't go for} 35. Bxh7 $2 g6 $19) 35... h5 36. g3 g5 (36... Rc5 {was necessary.} 37. Kf1 h4) 37. Kg2 g4 38. Re2 Rb5 39. Re8 Rd5 40. Re2 Rb5 41. h4 Kg7 42. Re7 Rd5 (42... Kf8 $142 43. Rc7 Ke8) 43. Rb7 {White is clearly winning.} Rd2 44. Ba2 Kh6 45. Bxf7 {Precision: White = 77%, Black = 55%.} 1-0

[Event "5th GRENKE Chess Classic 2018"]
[Site "Baden-Baden"]
[Date "2018.04.07"]
[Round "7"]
[White "Vachier-Lagrave, Maxime"]
[Black "Caruana, Fabiano"]
[Result "0-1"]
[WhiteElo "2789"]
[BlackElo "2804"]
[Annotator "TA"]
[PlyCount "72"]
[EventDate "2018.??.??"]
[EventType "tourn"]
[EventCountry "GER"]
[SourceTitle "playchess.com"]
[Source "ChessBase"]
[SourceQuality "1"]

{[%evp 21,72,10,26,0,0,0,0,-9,0,0,0,0,0,-20,-11,-33,0,-81,-86,-121,-135,-198,-201,-200,-200,-192,-195,-164,-178,-168,-154,-142,-146,-184,-175,-187,-182,-182,-174,-224,-180,-165,-172,-198,-191,-179,-168,-273,-269,-399,-398,-381,-369]} 1. c4 e5 2. Nc3 Nf6 3. Nf3 Nc6 4. g3 Bb4 5. Bg2 O-O 6. O-O e4 7. Ng5 Bxc3 8. bxc3 Re8 9. Qc2 d5 {A29: English Opening: Four Knights Variation with 4 g3} (9... Qe7 10. d3 exd3 11. exd3 b6 12. Bd2 Bb7 13. Rfe1 Qa3 14. Bf4 Na5 15. Be5 Bxg2 16. Kxg2 Ng4 17. d4 {½-½ (40) Ljubojevic,L (2571)-Karpov,A (2626) Platja d'Aro 2017}) 10. cxd5 Qxd5 11. d3 Bf5 {LiveBook: 3 Games. The position is equal.} 12. Bf4 h6 13. Nxe4 Nxe4 14. Qb2 b6 15. Rfd1 Qc5 16. dxe4 Bxe4 17. Bf1 $146 ({Predecessor:} 17. Bxe4 Rxe4 {½-½ (31) Stulrajter,M (1821)-Blasko,A (1900) Slovakia 1998}) 17... Re7 18. a4 Rae8 19. Rac1 (19. Qb5 $1 $11) 19... g5 $36 {[%mdl 2048] Keeping White busy.} 20. Bd2 Qf5 21. f3 (21. c4 $17) 21... Qc5+ $19 22. Kh1 Bd5 23. Be1 {[%cal Bd2e1,Be1f2,Bf2d4][%mdl 32] [#] Strongly threatening e4.} Bc4 {[%cal Re7e2]} 24. e4 {Black must now prevent Bf2.} Bxf1 25. Bf2 Qc4 26. Rxf1 Qxa4 27. c4 Ne5 28. Bd4 g4 ({Resist} 28... Nxc4 29. Qc3 $15) 29. fxg4 Qd7 {[#] ...Nd3 is the strong threat.} (29... Nxg4 30. h3 $17) 30. Qc3 c5 ({Much less strong is} 30... Qxg4 31. Rf4 $17) 31. Bxe5 Rxe5 32. Qf3 Rxe4 33. Rcd1 Qe6 34. g5 (34. Kg1 $142) 34... hxg5 {[%cal Bh6g5,Bg5g4][%mdl 32]} 35. Rd5 (35. Qh5 $142 Qg6 36. Qxg6+ fxg6 37. Rd6) 35... g4 36. Qc3 Re5 {Precision: White = 45%, Black = 84%.} 0-1

[Event "5th GRENKE Chess Classic 2018"]
[Site "Baden-Baden"]
[Date "2018.04.07"]
[Round "7"]
[White "Anand, Viswanathan"]
[Black "Meier, Georg"]
[Result "1/2-1/2"]
[WhiteElo "2776"]
[BlackElo "2636"]
[Annotator "TA"]
[PlyCount "89"]
[EventDate "2018.??.??"]
[EventType "tourn"]
[EventCountry "GER"]
[SourceTitle "playchess.com"]
[Source "ChessBase"]
[SourceQuality "1"]

{[%evp 10,89,28,32,45,13,16,15,12,9,11,8,13,12,18,7,27,12,20,31,43,36,42,40,42,42,42,41,39,43,48,11,14,7,12,0,21,0,0,0,0,0,0,-8,-8,-8,-2,-3,0,-14,-27,-23,0,-10,-12,-29,-4,-195,-142,-221,-16,-23,-27,-27,-19,-102,-93,-93,-93,-113,-114,-127,-112,-111,-103,-118,-104,-112,-22,-22,-22,-22]} 1. e4 e6 2. d4 d5 3. Nc3 dxe4 4. Nxe4 Nd7 5. g3 Be7 6. Nf3 Ngf6 {C10: French with 3 Nc3: Unusual Black 3rd moves and 3...dxe4} 7. Qe2 (7. Nxf6+ Bxf6 8. Bg2 O-O 9. O-O e5 10. Be3 c6 11. a4 exd4 12. Bxd4 a5 13. Re1 Bxd4 14. Qxd4 Nf6 15. Qc5 Re8 16. Nd4 {½-½ (39) Short,N (2510)-Seirawan,Y (2510) Thessaloniki 1988}) 7... Nxe4 8. Qxe4 Rb8 $146 ({Predecessor:} 8... Nf6 9. Qe2 b6 10. Bg2 Bb7 11. c3 O-O 12. O-O Qc8 13. Re1 c5 14. Be3 c4 15. Ng5 {½-½ (15) Rigo,J (2340)-Somlai,L (2360) Hungary 1994}) 9. Bg2 b5 10. O-O O-O 11. Rd1 Bb7 12. Qe2 Nf6 13. c3 a6 14. a4 Bd5 15. Ne5 Bxg2 16. Kxg2 Qd5+ 17. Qf3 Qxf3+ 18. Kxf3 Bd6 19. axb5 axb5 20. Bg5 {[#] aiming for Bxf6.} Bxe5 $1 21. dxe5 Nd5 22. Ra6 c5 23. Be3 Rfc8 24. Rda1 h5 25. Ra7 c4 26. Rd7 b4 27. Bd4 bxc3 28. bxc3 Rb3 29. Rxd5 exd5 $11 {[%mdl 4096] Endgame KRR-KRB} 30. Kf4 Rbb8 31. Kg5 Ra8 32. Re1 Rc6 33. f4 $2 (33. Kxh5 $11 {and White stays safe.} Rh6+ 34. Kg4) 33... Ra2 (33... Rg6+ $19 34. Kh4 Ra2) 34. h3 (34. f5 $17) 34... Rd2 $2 (34... Rg6+ $19 35. Kh4 Rg2) 35. f5 Rd3 36. Kf4 {[#]} h4 $1 37. e6 (37. gxh4 $11 {keeps the balance.} Rxh3 38. Kg4) 37... Kf8 $17 38. gxh4 fxe6 ({Much worse is} 38... Rxh3 39. Kg4 $11) 39. Ra1 exf5 40. Kxf5 Rxh3 41. Ra8+ Ke7 42. Ra7+ Ke8 43. Ke5 Rxh4 (43... Kf8 $17 44. Kxd5 Rg6 45. Kxc4 Rxh4 46. Ra8+ Kf7 47. Ra7+ Ke8 48. Ra8+ Kd7 49. Ra7+ Ke8 50. Ra8+ Kd7 51. Ra7+ Kd8) 44. Kxd5 $11 Rg6 {Threatens to win with ...Rg5+.} 45. Bxg7 {Precision: White = 51%, Black = 44%.} 1/2-1/2

[Event "5th GRENKE Chess Classic 2018"]
[Site "Baden-Baden"]
[Date "2018.04.07"]
[Round "7"]
[White "Aronian, Levon"]
[Black "Vitiugov, Nikita"]
[Result "1/2-1/2"]
[WhiteElo "2767"]
[BlackElo "2735"]
[Annotator "TA"]
[PlyCount "80"]
[EventDate "2018.??.??"]
[EventType "tourn"]
[EventCountry "GER"]
[SourceTitle "playchess.com"]
[Source "ChessBase"]
[SourceQuality "1"]

{[%evp 21,80,0,0,-18,5,8,24,24,21,14,30,31,27,14,28,0,0,0,22,0,5,-35,44,27,29,10,23,0,0,0,0,0,0,0,0,0,0,0,0,0,0,0,0,0,14,14,14,13,14,13,16,0,0,0,0,0,0,0,0,0,0]} 1. c4 c6 2. g3 d5 3. Nf3 Nf6 4. Bg2 dxc4 5. O-O Nbd7 6. Na3 Nb6 7. Qc2 g6 {A11: English Opening: 1...c6} (7... Be6 8. Ng5 Bg4 9. Nxc4 Bxe2 10. Ne5 Bh5 11. b4 e6 12. b5 Bd6 13. Bb2 Bxe5 14. Bxe5 Bg6 15. Qb3 {½-½ (25) Nepomniachtchi,I (2751)-Karjakin,S (2763) Moscow 2018}) 8. Nxc4 Nxc4 9. Qxc4 Bg7 10. d3 O-O 11. Bd2 Nd5 {LiveBook: 6 Games} 12. Qc1 a5 $146 ({Find the theoretical novelty and annotate with similar games:} 12... Qb6 13. Rb1 Rd8 14. b4 Qa6 15. Qc2 {½-½ (34) Mondry,M (2229)-Tripp,G (1999) ICCF email 2016}) 13. Bh6 Bg4 14. Bxg7 Kxg7 15. Ne5 Be6 16. d4 Nf6 17. Rd1 Qb6 18. e4 Rfd8 19. Qc3 Kg8 20. Rd3 Rd6 21. Rad1 Rad8 ({Black should try} 21... Bxa2 $15 22. b3 a4) 22. b3 $14 Qb4 23. Qa1 a4 {[%cal Ra4b3]} 24. h3 axb3 {[#] aiming for ...b2.The position is equal.} 25. axb3 Nd7 26. Nxd7 R6xd7 27. d5 cxd5 28. exd5 Bf5 29. Re3 Be6 {[%cal Re6d5]} 30. Rde1 (30. Qe5 {NOTEXT} Qd6 31. Qb2 Rc7 32. Ree1 Bf5 33. Rc1) 30... Bxd5 31. Bxd5 Rxd5 32. Rxe7 Qxe7 (32... Rd1 {NOTEXT} 33. Rxd1 Qxe7 34. Rxd8+ Qxd8 35. Qc3 b5) 33. Rxe7 Rd1+ 34. Qxd1 $1 Rxd1+ $11 {[%mdl 4096] Endgame KR-KR} 35. Kg2 b6 36. Kf3 Rd3+ 37. Re3 Rd2 38. Re4 Rd3+ 39. Re3 Rd2 40. Re4 Rd3+ {Precision: White = 62%, Black = 67%.} 1/2-1/2

[Event "5th GRENKE Chess Classic 2018"]
[Site "Baden-Baden"]
[Date "2018.04.07"]
[Round "7"]
[White "Naiditsch, Arkadij"]
[Black "Carlsen, Magnus"]
[Result "0-1"]
[WhiteElo "2701"]
[BlackElo "2843"]
[Annotator "TA"]
[PlyCount "84"]
[EventDate "2018.??.??"]
[EventType "tourn"]
[EventCountry "GER"]
[SourceTitle "playchess.com"]
[Source "ChessBase"]
[SourceQuality "1"]

{[%evp 20,84,20,0,-2,0,20,0,-11,-12,0,-16,-30,-62,-25,-78,0,0,0,-35,-31,-34,-22,-23,-9,-36,-28,-42,-29,-45,-41,-65,-15,-19,0,-94,-86,-82,-87,-93,-87,-84,-60,-62,-66,-92,-67,-93,-87,-94,-79,-78,-75,-70,-64,-57,-60,-190,-177,-436,-438,-435,-334,-1099,-1096,-1004,-888]} 1. e4 c5 2. Nf3 d6 3. d4 cxd4 4. Nxd4 Nf6 5. Nc3 a6 6. g3 e5 7. Nb3 Be7 8. Bg2 O-O 9. O-O Be6 10. Re1 {B91: Sicilian Najdorf: 6 g3} Nbd7 11. Nd2 {LiveBook: 3 Games} b5 12. Nf1 {The position is equal.} Bg4 $146 ({Predecessor:} 12... Nb6 13. Ne3 b4 14. Ncd5 Nfxd5 15. exd5 Bd7 16. Bd2 a5 17. a3 bxa3 18. Rxa3 {0-1 (46) Balogh,C (2648)-Wojtaszek,R (2715) Budapest 2014}) 13. f3 Be6 14. Ne3 Rc8 15. a3 Nb6 16. f4 Re8 17. Kh1 (17. f5 $11 Bd7 18. Kh1) 17... Bf8 (17... exf4 $17 18. gxf4 Nfd7) 18. f5 $11 Bd7 19. Qd3 h6 20. b3 Bc6 21. Bd2 Qc7 22. Rac1 Qb7 23. Ned5 Bxd5 24. exd5 Nbd7 {[%cal Bb6d7,Bd7e5,Be5f3][%mdl 32]} 25. Nd1 e4 26. Qd4 Ne5 ({Worse is} 26... Nxd5 27. Rxe4 N7f6 28. Rxe8 $18) 27. Nf2 (27. Nc3 $11 {keeps the balance.}) 27... Nf3 $17 ({Don't play} 27... Qxd5 $6 28. Qxd5 Nxd5 29. Nxe4 $14 (29. Bxe4 Nf6 $11)) 28. Bxf3 exf3 29. c4 bxc4 30. bxc4 Re5 31. Re3 Rxe3 32. Qxe3 Qb2 33. Nd3 Qxa3 34. Qxf3 Qa2 35. Bc3 Rxc4 {[#] And now ...Ne4 would win.} 36. Ra1 Qb3 37. Bxf6 $1 gxf6 38. Kg2 (38. Qd1 $1 $15 Qc3 39. Nf4) 38... Rc3 $19 39. Rd1 $2 {[#]} (39. Qg4+ {is the only way for White.} Kh7 40. Nf2) 39... h5 $1 {[%mdl 512]} 40. Kh3 (40. Qxh5 Rxd3) 40... Bh6 41. Re1 $2 (41. Qxh5 Rxd3 42. Rxd3 Qxd3 43. Qxh6) 41... Rxd3 42. Qxh5 Re3 {Precision: White = 25%, Black = 60%.} 0-1

[Event "5th GRENKE Chess Classic 2018"]
[Site "Baden-Baden"]
[Date "2018.04.07"]
[Round "7"]
[White "Hou, Yifan"]
[Black "Bluebaum, Matthias"]
[Result "1/2-1/2"]
[WhiteElo "2657"]
[BlackElo "2616"]
[Annotator "TA"]
[PlyCount "92"]
[EventDate "2018.??.??"]
[EventType "tourn"]
[EventCountry "GER"]
[SourceTitle "playchess.com"]
[Source "ChessBase"]
[SourceQuality "1"]

{[%evp 14,92,0,0,0,0,7,0,0,0,10,0,2,4,11,0,25,27,30,25,26,29,33,22,22,-13,-11,-12,-10,-25,-23,-20,-18,-27,-27,-35,-20,-28,-26,-21,-18,-18,-18,-18,-19,-18,-17,-11,-14,-19,-19,-25,-19,-19,-19,-19,0,-19,0,-20,-17,-18,-17,-18,0,-31,-13,-19,-13,-18,-19,-19,0,0,0,0,0,0,0,0,0]} 1. c4 e6 2. Nf3 d5 3. e3 Nf6 4. b3 Be7 5. Bb2 O-O 6. Nc3 c5 7. cxd5 Nxd5 8. Qc2 {LiveBook: 18 Games. A13: English Opening: 1...e6} (8. Nxd5 exd5 9. d4 Qa5+ 10. Qd2 Qxd2+ 11. Kxd2 Nc6 12. dxc5 Bxc5 13. Bb5 Bb4+ 14. Ke2 Be6 15. Rac1 Rac8 {1-0 (55) Carlsen,M (2834)-Giri,A (2752) Wijk aan Zee 2018}) 8... Nb4 9. Qb1 b6 10. a3 Nd5 11. Nxd5 exd5 12. d4 Nc6 13. Bb5 $146 ({Predecessor:} 13. Bd3 h6 14. O-O Bg4 {½-½ (14) Tazelaar,H (2373)-Krimbacher,W (2333) ICCF email 2017}) 13... Bd7 14. O-O Nxd4 15. Nxd4 cxd4 16. Bxd7 Qxd7 17. Bxd4 Rfc8 18. Rd1 Rc6 19. Qb2 Qf5 {Threatening ...Rc2.} 20. Qe2 Rc2 21. Qf3 (21. Qe1 {is more complex.} Rac8 22. b4 h5 23. Rac1 Bd6 24. f4) 21... Qxf3 22. gxf3 Bh4 23. e4 dxe4 24. fxe4 Bg5 25. a4 Bd2 26. Rab1 Rac8 27. Rb2 Rxb2 28. Bxb2 $11 {[%mdl 4096] Endgame KRB-KRB} Rc2 29. Bd4 f6 30. Kg2 Kf7 31. Kf3 Ke6 32. h3 h5 33. Ke2 Bf4+ 34. Kf3 Bd2 35. Ke2 {[#] Strongly threatening Kd3.} Bf4+ 36. Kf3 g5 37. Rd3 Bd2 38. Ke2 {And now Kd1 would win.} Bf4+ 39. Kf3 $1 Be5 {[#] Threatens to win with ...Bxd4.} 40. Be3 {The position is equal.} Rb2 41. a5 bxa5 42. Bxa7 f5 43. exf5+ Kxf5 44. Kg2 g4 45. hxg4+ hxg4 46. Rd5 {Black must now prevent Bb8.} Rxb3 {Precision: White = 79%, Black = 73%.} 1/2-1/2

[Event "5th GRENKE Chess Classic 2018"]
[Site "Baden-Baden"]
[Date "2018.04.08"]
[Round "8"]
[White "Carlsen, Magnus"]
[Black "Vitiugov, Nikita"]
[Result "1/2-1/2"]
[WhiteElo "2843"]
[BlackElo "2735"]
[Annotator "TA"]
[PlyCount "129"]
[EventDate "2018.??.??"]
[EventType "tourn"]
[EventCountry "GER"]
[SourceTitle "playchess.com"]
[Source "ChessBase"]
[SourceQuality "1"]

{[%evp 21,129,7,17,8,14,8,8,16,0,0,25,27,40,0,0,0,0,0,0,0,0,0,0,0,0,0,0,-10,0,-12,0,0,22,17,22,12,41,30,51,38,65,65,65,65,65,65,65,65,65,65,65,45,47,41,47,41,41,34,34,6,12,5,5,0,0,0,0,0,0,0,0,0,0,0,0,0,0,0,0,0,0,0,0,0,0,0,0,0,0,0,0,0,0,0,0,0,0,0,0,0,0,0,0,0,0,0,0,0,0,0]} 1. e4 e5 2. Nf3 Nc6 3. Bb5 a6 4. Ba4 Nf6 5. d3 b5 6. Bb3 Bc5 7. c3 O-O {C77: Ruy Lopez: 3...a6 4 Ba4 Nf6, unusual lines} 8. O-O Re8 9. Re1 h6 10. Nbd2 Bb6 11. Nf1 d6 {LiveBook: 9 Games} 12. Ng3 Be6 13. h3 Bxb3 14. axb3 {[#]} d5 $146 ({Predecessor:} 14... a5 15. Nh2 {½-½ (77) Dominguez Perez,L (2719)-Karjakin,S (2723) Moscow 2009}) 15. Qe2 Bc5 16. b4 Bf8 17. Nd2 a5 18. bxa5 Rxa5 19. Rxa5 Nxa5 20. exd5 Qxd5 21. Nde4 Nxe4 22. dxe4 Qc4 23. Qf3 Qe6 24. Nf5 Nc4 25. h4 Kh7 26. h5 g6 27. Ne3 Nxe3 28. hxg6+ fxg6 {[#] Hoping for ...Ng4.} (28... Qxg6 {feels hotter.} 29. Bxe3 Re6 30. Qf5 h5 31. Qf3 c6) 29. Bxe3 Bd6 30. Qe2 (30. Ra1 {is interesting.} Kg7 31. Qe2 c6 32. Ra6 Qc8 33. Ra5) 30... Qc4 31. Qxc4 bxc4 $14 {[%mdl 4096] Endgame KRB-KRB} 32. Ra1 $1 Rb8 33. Bc1 Rb6 34. Ra4 Rc6 35. Be3 h5 36. Kf1 Kg7 37. Ke2 Kf6 38. Kd1 Ke6 39. Kc2 Be7 40. f3 Bh4 {The position is equal.} 41. Ra5 Bg3 42. Bc5 g5 43. Bb4 g4 44. fxg4 hxg4 45. Ra8 Kf7 46. Rc8 Bf4 47. Kd1 Kg7 48. Ke2 Kf7 49. Rf8+ Kg7 50. Rd8 Kf7 51. Kf2 Kg7 52. Rd7+ Kf6 53. g3 Bc1 54. Rd1 Bg5 55. Ke2 Ke6 56. Rh1 Ra6 57. Ba3 Rb6 58. Rh7 Rb7 59. Kd1 Rb8 60. Kc2 Rd8 61. Rg7 Rd2+ 62. Kc1 Bf6 63. Kxd2 Bxg7 64. Bc5 Kd7 65. Be3 {Precision: White = 60%, Black = 77%.} 1/2-1/2

[Event "5th GRENKE Chess Classic 2018"]
[Site "Baden-Baden"]
[Date "2018.04.08"]
[Round "8"]
[White "Caruana, Fabiano"]
[Black "Aronian, Levon"]
[Result "1/2-1/2"]
[WhiteElo "2784"]
[BlackElo "2794"]
[Annotator "TA"]
[PlyCount "63"]
[EventDate "2018.??.??"]
[EventType "tourn"]
[EventCountry "GER"]
[SourceTitle "playchess.com"]
[Source "ChessBase"]
[SourceQuality "1"]

{[%evp 21,63,11,24,0,0,0,0,0,0,0,2,5,4,3,8,8,30,0,0,0,0,0,0,0,0,0,4,0,4,2,29,29,29,0,0,0,0,0,29,0,0,0,29,0]} 1. e4 e5 2. Nf3 Nc6 3. Bb5 Nf6 4. O-O Nxe4 5. Re1 Nd6 6. Nxe5 Be7 7. Bf1 Nxe5 8. Rxe5 O-O 9. d4 {[%cal Bd2d4,Bd4d5][%mdl 32]} Bf6 10. Re1 Nf5 {C67: Ruy Lopez: Berlin Defence: 4 0-0 Nxe4} (10... Re8 11. Bf4 Rxe1 12. Qxe1 Ne8 13. c3 d5 14. Bd3 g6 15. Qe2 c6 16. Nd2 Ng7 17. Re1 Bf5 18. Bxf5 Nxf5 {½-½ (34) So,W (2799)-Grischuk,A (2767) Berlin 2018}) 11. d5 Re8 {LiveBook: 12 Games} 12. Bd3 Rxe1+ {The position is equal.} 13. Qxe1 Qe7 14. Qxe7 Nxe7 15. d6 $146 ({Predecessor:} 15. c4 d6 16. Nc3 Bxc3 17. bxc3 Bf5 18. Be2 {½-½ (29) Teufel,J (2215)-Berezovsky,I (2375) Wuerttemberg 1999}) 15... cxd6 16. Na3 d5 17. Nb5 {aiming for Nc7.} d6 18. Nxd6 Nc6 19. Bf4 Be6 20. Nxb7 Nb4 21. Nc5 Bxb2 22. Rb1 Nxd3 23. cxd3 Bd4 24. Be3 Bxc5 25. Bxc5 $11 {[%mdl 4096] Endgame KRB-KRB} d4 26. Bxa7 Bxa2 27. Rb8+ (27. Rb2 {looks sharper.} Be6 28. Kf1 f6 29. Rb8+ Rxb8 30. Bxb8 Kf7 31. Ba7) 27... Rxb8 28. Bxb8 Bb1 29. Ba7 Ba2 30. Bb8 Bb1 31. Ba7 Ba2 32. Bb8 {Precision: White = 60%, Black = 59%.} 1/2-1/2

[Event "5th GRENKE Chess Classic 2018"]
[Site "Baden-Baden"]
[Date "2018.04.08"]
[Round "8"]
[White "Naiditsch, Arkadij"]
[Black "Anand, Viswanathan"]
[Result "1/2-1/2"]
[WhiteElo "2701"]
[BlackElo "2776"]
[Annotator "TA"]
[PlyCount "75"]
[EventDate "2018.??.??"]
[EventType "tourn"]
[EventCountry "GER"]
[SourceTitle "playchess.com"]
[Source "ChessBase"]
[SourceQuality "1"]

{[%evp 22,75,0,0,0,0,0,0,0,0,-11,-35,-49,-42,-45,-49,64,17,17,17,17,21,43,0,0,0,0,0,0,0,0,0,0,0,0,0,0,0,0,0,0,0,0,0,0,0,0,0,0,0,0,0,0,0,0,0]} 1. e4 e5 2. Nf3 Nc6 3. Bc4 Bc5 4. c3 Nf6 5. d4 exd4 6. e5 d5 7. Bb5 Ne4 8. cxd4 Bb6 9. Nc3 O-O 10. Be3 {C54: Giuoco Piano: 4 c3 Nf6, main lines with 5 d4 and 5 d3} Bg4 (10... Ne7 11. O-O c6 12. Bd3 f5 13. exf6 Nxf6 14. Qc2 Bc7 15. Ne5 Ng4 16. Bxh7+ Kh8 17. Bg5 Nxe5 18. dxe5 Bxe5 {0-1 (25) Amonatov,F (2636)-Svidler,P (2765) Riadh 2017}) 11. h3 Bh5 12. Qc2 {LiveBook: 31 Games} Bxf3 13. gxf3 Ng5 14. O-O-O {[#]} Nxf3 $146 {[%cal Rc6d4]} ({Find the theoretical novelty and annotate with similar games:} 14... Ne6 15. Ne2 Ne7 16. Kb1 f5 17. exf6 Rxf6 {1-0 (35) Kravtsiv,M (2621)-Bruzon Batista,L (2659) Berlin 2015}) 15. Bxc6 bxc6 16. Qf5 Nh4 17. Qg4 {[#] Bg5 is the strong threat.} Ng6 18. f4 Qh4 (18... Qc8 $1 $15) 19. Rd3 Qxg4 20. hxg4 f5 21. g5 Kf7 22. Rxh7 (22. Ne2 {NOTEXT} Rh8 23. Rh5 a5 24. Rd2 Nf8 25. Rc2) 22... Rh8 {The position is equal.} 23. Rxh8 Rxh8 24. a3 Nf8 25. Ne2 Ke7 26. Rc3 Kd7 27. Kd2 Ne6 28. Rc1 g6 29. b4 a5 30. Kd3 axb4 31. axb4 Ba7 32. Ra1 Bb6 33. Ra6 Rb8 34. Ra2 Rh8 35. Ra1 Ke7 36. Ra2 Kd7 37. Ra1 Ke7 38. Ra2 {Precision: White = 81%, Black = 70%.} 1/2-1/2

[Event "5th GRENKE Chess Classic 2018"]
[Site "Baden-Baden"]
[Date "2018.04.08"]
[Round "8"]
[White "Meier, Georg"]
[Black "Hou, Yifan"]
[Result "1/2-1/2"]
[WhiteElo "2648"]
[BlackElo "2654"]
[Annotator "TA"]
[PlyCount "66"]
[EventDate "2018.??.??"]
[EventType "tourn"]
[EventCountry "GER"]
[SourceTitle "playchess.com"]
[Source "ChessBase"]
[SourceQuality "1"]

{[%evp 30,66,13,0,15,2,2,3,11,4,22,11,11,11,35,20,27,32,27,22,22,13,13,13,26,21,51,14,25,5,44,12,20,12,12,0,39,0,13]} 1. d4 d5 2. c4 e6 3. Nf3 Nf6 4. g3 Be7 5. Bg2 O-O 6. O-O dxc4 7. Qc2 a6 8. a4 Bd7 9. Qxc4 Bc6 10. Bg5 Bd5 11. Qc2 Be4 12. Qd1 {E05: Open Catalan: 5 Nf3 Be7} c5 13. dxc5 Bxc5 14. Qxd8 (14. Nbd2 Bc6 15. Ne5 Bxg2 16. Kxg2 Nbd7 17. Rc1 Nxe5 18. Rxc5 Ned7 19. Bxf6 Nxf6 {½-½ (59) Meier,G (2654)-Hou,Y (2676) Dortmund 2015}) 14... Rxd8 15. Nbd2 Bc6 16. Rfc1 {[#] LiveBook: 3 Games} Bb4 $146 ({Predecessor:} 16... Nbd7 17. Ne1 Bxg2 18. Kxg2 h6 19. Bxf6 Nxf6 {½-½ (31) Onischuk,A (2666)-Karjakin,S (2785) Istanbul 2012}) 17. Rc4 {[#] Black must now prevent Bxf6.} Be7 18. Ne5 {[%cal Re5c6]} Bxg2 19. Kxg2 Nbd7 20. Nd3 Rac8 21. Rac1 Nb6 22. Rxc8 Rxc8 23. Rxc8+ Nxc8 24. e4 Nd7 25. Be3 Nd6 26. f4 f5 27. Kf3 Kf7 28. g4 g6 29. h3 Ke8 30. Bd4 Kd8 31. Bc3 Ke8 32. Bd4 Kd8 33. Bc3 (33. e5 $5 {[%cal Re5d6]} Ne8 34. Nc4 $14) 33... Ke8 {Precision: White = 20%, Black = 37%.} 1/2-1/2